000 00854pam a2200313 i 4500
001 200468117
003 TR-AnTOB
005 20260414165610.0
007 ta
008 780411t19781971nyu 000 0 eng d
010 _a 78055510
020 _a0352300698
035 _a3683986
040 _aDLC
_beng
_erda
_cDLC
_dDLC
_dTR-AnTOB
041 0 _aeng
050 1 0 _aPS3551.L44
_bG4 1978
090 _aPS3551.L44
_bG4 1978
100 _aAllen, Woody
_d1935-
_eauthor
_997478
245 1 0 _aGetting even /
_cWoody Allen.
264 1 _aNew York :
_bVintage Books,
_c1978, c1971.
300 _a151 pages;
_c18 cm.
336 _atext
_btxt
_2rdacontent
337 _aunmediated
_bn
_2rdamedia
338 _avolume
_bnc
_2rdacarrier
650 0 _aAmerican wit and humor
_977248
942 _2lcc
_cBK
999 _c200468117
_d86329